[Event "BAN-chB 47th"]
[Site "Dhaka"]
[Date "2022.10.28"]
[Round "2"]
[White "Manon, Reja Neer"]
[Black "Sarker, Arun Chandra"]
[Result "1-0"]
[WhiteElo "2107"]
[BlackElo "1861"]
[PlyCount "67"]
[EventDate "2022.10.27"]
[EventType "swiss"]
[EventRounds "11"]
[EventCountry "BAN"]
[SourceTitle "EXT 2024"]
[Source "ChessBase"]
[SourceDate "2023.10.10"]
[SourceVersion "1"]
[SourceVersionDate "2023.10.10"]
[SourceQuality "1"]

1. e4 d5 2. exd5 Qxd5 3. d4 Nf6 4. c4 Qe4+ 5. Ne2 c6 6. Nbc3 Qe6 7. Qd3 Na6 8. a3 Qg4 9. h3 Bf5 10. Qe3 Qg6 11. g4 Bd7 12. Ng3 Qc2 13. b4 Qg6 14. Bd3 Nxg4 15. hxg4 Qxg4 16. Nce4 0-0-0 17. Qf4 e5 18. Qxg4 Bxg4 19. Be2 Bxe2 20. Kxe2 Rxd4 21. Nd2 g6 22. Bb2 Rd8 23. f4 f6 24. Nge4 Bg7 25. fxe5 fxe5 26. c5 Rd5 27. Nd6+ Kc7 28. N2c4 b6 29. Ne3 bxc5 30. Nxd5+ cxd5 31. Nf7 Rf8 32. Rxh7 Rxf7 33. Rxg7 Rxg7 34. Bxe5+ 1-0